[Event "FRM-ch op"]
[Site "Skopje"]
[Date "2022.05.02"]
[Round "6"]
[White "Petreski, Leonid"]
[Black "Petrovski, Stojanche"]
[Result "1-0"]
[WhiteElo "1824"]
[BlackElo "1445"]
[PlyCount "93"]
[EventDate "2022.04.29"]
[EventType "swiss"]
[EventRounds "9"]
[EventCountry "MKD"]
[SourceTitle "CBM 208 Extra"]
[Source "ChessBase"]
[SourceDate "2022.07.31"]
[SourceVersion "1"]
[SourceVersionDate "2022.07.31"]
[SourceQuality "1"]

1. e4 Nf6 2. e5 Nd5 3. c4 Nb6 4. d4 d6 5. exd6 exd6 6. Nc3 c6 7. Bd3 g6 8. b3 Bg7 9. Be3 0-0 10. Nge2 Bg4 11. f3 Re8 12. Qd2 Qe7 13. Bg5 f6 14. Bf4 Be6 15. h4 N8d7 16. Kf2 Rad8 17. h5 g5 18. Be3 Bh6 19. g4 Nf8 20. Ng3 d5 21. c5 Nbd7 22. b4 b6 23. Na4 bxc5 24. bxc5 Rb8 25. Rhe1 Qd8 26. Qc3 Qc7 27. Kg2 Rb7 28. Bd2 Rbb8 29. Nb2 Rb7 30. Ba6 Rbb8 31. Nd1 Bg7 32. Ne3 Nxc5 33. Qxc5 f5 34. Nexf5 Bxf5 35. Nxf5 Ne6 36. Qc3 Bf8 37. Rab1 Nf4+ 38. Bxf4 Qxf4 39. Rxb8 Rxb8 40. Qe3 Rb2+ 41. Re2 Qxe3 42. Nxe3 Rb6 43. Bc8 Kf7 44. Nf5 c5 45. dxc5 Bxc5 46. Rc2 Rc6 47. Bb7 1-0

[Event "FRM-ch op"]
[Site "Skopje"]
[Date "2022.05.02"]
[Round "5"]
[White "Petrovski, Stojanche"]
[Black "Stankovski, Stefan"]
[Result "1-0"]
[WhiteElo "1445"]
[BlackElo "1024"]
[PlyCount "113"]
[EventDate "2022.04.29"]
[EventType "swiss"]
[EventRounds "9"]
[EventCountry "MKD"]
[SourceTitle "CBM 208 Extra"]
[Source "ChessBase"]
[SourceDate "2022.07.31"]
[SourceVersion "1"]
[SourceVersionDate "2022.07.31"]
[SourceQuality "1"]

1. d4 Nf6 2. c4 e6 3. a3 d5 4. Nc3 c5 5. Bg5 Nc6 6. Nf3 h6 7. Bxf6 Qxf6 8. cxd5 Nxd4 9. Nxd4 Qxd4 10. Nb5 Qe5 11. d6 Bd7 12. Nc7+ Kd8 13. Nxa8 Bxd6 14. Qb3 Bc6 15. 0-0-0 Ke7 16. e3 Rxa8 17. f3 a6 18. Qc3 Qxc3+ 19. bxc3 Ba4 20. Rd2 c4 21. Kb2 Rc8 22. Be2 Rc6 23. f4 Rb6+ 24. Ka1 Bb3 25. Rb1 Bxa3 26. Bxc4 Bc1 27. Rd1 Bxd1 28. Rxb6 Bxe3 29. Rxb7+ Kf6 30. f5 exf5 31. Rxf7+ Kg6 32. Rd7 Bc2 33. Bxa6 Bf4 34. h3 Be4 35. Bb7 Bxb7 36. Rxb7 Be5 37. Kb2 Kg5 38. Re7 Bf6 39. Re3 Kf4 40. Rd3 g5 41. Kc2 g4 42. c4 h5 43. c5 Be5 44. Kd2 Bb8 45. c6 Ke4 46. Rd8 Bc7 47. Rd7 Ba5+ 48. Ke2 f4 49. Re7+ Kd5 50. c7 Bxc7 51. Rxc7 gxh3 52. gxh3 Ke4 53. Re7+ Kf5 54. Kf3 Kg5 55. Re5+ Kh4 56. Kxf4 Kxh3 57. Rxh5+ 1-0

[Event "FRM-ch op"]
[Site "Struga"]
[Date "2021.07.26"]
[Round "4"]
[White "Arsov, Filip"]
[Black "Petrovski, Stojanche"]
[Result "0-1"]
[WhiteElo "1708"]
[BlackElo "1472"]
[PlyCount "74"]
[EventDate "2021.07.24"]
[EventType "swiss"]
[EventRounds "9"]
[EventCountry "MKD"]
[SourceTitle "CBM 203 Extra"]
[Source "ChessBase"]
[SourceDate "2021.09.30"]
[SourceVersion "1"]
[SourceVersionDate "2021.09.30"]
[SourceQuality "1"]

1. e4 d5 2. exd5 Qxd5 3. Nc3 Qa5 4. Bc4 Nf6 5. d4 Bg4 6. Nge2 c6 7. Bd2 Qb6 8. 0-0 e6 9. Qc1 Bd6 10. Bf4 Qc7 11. Bxd6 Qxd6 12. f3 Bf5 13. Bb3 Na6 14. a3 Nc7 15. Qf4 Qxf4 16. Nxf4 g5 17. Nfe2 h5 18. Ng3 Bg6 19. Nge4 Nxe4 20. Nxe4 Bxe4 21. fxe4 Rh7 22. Rf2 Ke7 23. Rd1 Rd8 24. c4 f6 25. d5 c5 26. d6+ Rxd6 27. Rxd6 Kxd6 28. Rxf6 Rg7 29. Rf1 Ke5 30. Bd1 g4 31. Re1 Rf7 32. g3 Ne8 33. Kg2 Rd7 34. h3 Rd2+ 35. Kh1 Nf6 36. hxg4 Nxg4 37. b4 Rxd1 0-1